000
00377nam a22001697a 4500
003
MPLRDC
005
20220104143133.0
008
210129b ||||| |||| 00| 0 eng d
082
_a
292 WMD
100
_a
王明道
245
_a
转运术
_c
260
_a
_b
常春树书坊
_c
300
_b
平
490
_a
美的丛书. E28
650
_a
占卜
942
_c
BK
_o
292 WMD
999
_c
36981
_d
36971